000 03442nab a2200361 i 4500
003 BR-BrBNA
005 20240607100358.0
008 240607b2023 bl.ar|pooa||| 00| 0 eng |
040 _aBR-BrBNA
_beng
072 _aF01
_b1120
100 _aAndrade, Maria Jany Kátia Loiola
100 _aOliveira, Alexandre Santos de
100 _aSantos, Walber Felix dos
100 _aSilva, Luan dos Santos
100 _aCunha, Jenilton Gomes da
100 _aSouto, Gustavo de Luna
100 _aCavalcante, Herbert Lucena
245 _aDevelopment of Israeli mango cultivars in the Brazilian semiarid region
500 _a Publicação on-line; 38 ref.; 3 tables; 3 illus.; Summaries (En, Pt)
520 _a Abstract – The objective of this work was to evaluate the initial adaptive performance of Israeli mango tree cultivars grown in the submedian region of the São Francisco Valley, Brazil. The experiment was carried out from January 2019 to July 2020 using seedlings of the Omer and Shelly cultivars, at six months after transplanting, at a 3×6 m spacing. The experimental design was randomized complete blocks in a 2×3 factorial arrangement, corresponding to the two Israeli mango tree cultivars and the number of branches after formative pruning (three, four, and five branches), with four replicates. Biometric, biochemical, and photosynthetic variables were analyzed, differing between the evaluation times after pruning. The Omer cultivar is more vigorous than Shelly, and formative pruning with three, four, and five branches is recommended for both mango cultivars under the cultivation conditions of the São Francisco Valley. Index terms: Mangifera indica, formative pruning, gas exchange, 'Omer', 'Shelly
520 _a Resumo – O objetivo deste trabalho foi avaliar o desempenho adaptativo inicial de cultivares de mangueiras israelenses cultivadas na região do Submédio do Vale do São Francisco, Brasil. O experimento foi realizado de janeiro de 2019 a julho de 2020, tendo-se utilizado mudas das cultivares Omer e Shelly, aos seis meses após o transplante, em espaçamento de 3×6 m. O delineamento experimental foi em blocos ao acaso, em arranjo fatorial 2×3, correspondente às duas cultivares de mangueiras israelenses e ao número de ramos após a poda de formação (três, quatro e cinco ramos), com quatro repetições. Foram analisadas variáveis biométricas, bioquímicas e fotossintéticas, que diferiram entre as épocas de avaliação após as podas. A cultivar Omer é mais vigorosa que a Shelly, e a poda formativa com três, quatro e cinco ramos é recomendada para ambas as cultivares de manga nas condições de cultivo do Vale do São Francisco. Termos para indexação: Mangifera indica, poda de formação, trocas gasosas, 'Omer', 'Shelly
650 _aMANGA
650 _aCOMPORTAMENTO DE VARIEDADE
650 _aCONDIÇÃO AMBIENTAL
650 _aESPAÇAMENTO
650 _aPODA DE FORMAÇÃO
650 _aPRÁTICA CULTURAL
650 _aTROCA GASOSA
773 0 _0920
_925804
_dBrasília-DF Empresa Brasileira de Pesquisa Agropecuária - EMBRAPA 1966-
_o2023-436359
_tPesquisa Agropecuária Brasileira (Brazil)
_x0100-204X
_gv. 58 p. 1-11; (2023)
_wBR2024001113
856 _uhttps://www.scielo.br/j/pab/a/48hPbjcKzW3XynPSm9DHrTd/?format=pdf&lang=en
942 _cAnalítica
999 _c299952
_d299952